000 00486nam a2200169 i 4500
001 94392
003 ES-MaACL
005 20250627063640.0
007 t|
008 050429s1952 sp ||||1| spa d
100 1 _aLorén, Santiago,
_d1918-2010
_974093
245 1 0 _aCuerpos, almas y todo eso
_b: novela /
_cSantiago Lorén.
260 _aBarcelona :
_bJosé Janés,
_c1952.
300 _a310 p. ;
_c19 cm.
852 _aES-MaACL
_jD-8785
_bR.33130
999 _c94392
_d94392